Statistics for The 1975 Discography

Click here to take the quiz!

General Stats

  • This quiz has been taken 35 times
  • The average score is 35 of 61

Answer Stats

HintAnswer% Correct
The 1975The 1975
95%
I like it when you sleep, for you are so beautiful yet so unaware of itThe 1975
95%
A Brief Inquiry Into Online RelationshipsThe 1975
95%
I like it when you sleep, for you are so beautiful yet so unaware of itParis
90%
The 1975Robbers
90%
The 1975Sex
90%
The 1975Chocolate
85%
The 1975Girls
85%
I like it when you sleep, for you are so beautiful yet so unaware of itThe Sound
85%
A Brief Inquiry Into Online RelationshipsGive Yourself A Try
80%
The 1975The City
80%
A Brief Inquiry Into Online RelationshipsIt's Not Living (If It's Not With You)
75%
A Brief Inquiry Into Online RelationshipsLove It If We Made It
75%
I like it when you sleep, for you are so beautiful yet so unaware of itLove Me
75%
I like it when you sleep, for you are so beautiful yet so unaware of itNana
75%
I like it when you sleep, for you are so beautiful yet so unaware of itShe's American
75%
A Brief Inquiry Into Online RelationshipsSincerity Is Scary
75%
I like it when you sleep, for you are so beautiful yet so unaware of itA Change Of Heart
70%
I like it when you sleep, for you are so beautiful yet so unaware of itSomebody Else
70%
A Brief Inquiry Into Online RelationshipsTOOTIMETOOTIMETOOTIME
70%
I like it when you sleep, for you are so beautiful yet so unaware of itUGH!
70%
The 1975Fallingforyou
65%
The 1975Heart Out
65%
I like it when you sleep, for you are so beautiful yet so unaware of itI like it when you sleep, for you are so beautiful yet so unaware of it
65%
A Brief Inquiry Into Online RelationshipsThe Man Who Married A Robot / Love Theme
65%
The 1975You
65%
A Brief Inquiry Into Online RelationshipsHow To Draw / Petrichor
60%
A Brief Inquiry Into Online RelationshipsI Always Wanna Die (Sometimes)
60%
The 1975Me
60%
I like it when you sleep, for you are so beautiful yet so unaware of itPlease Be Naked
60%
I like it when you sleep, for you are so beautiful yet so unaware of itShe Lays Down
60%
I like it when you sleep, for you are so beautiful yet so unaware of itIf I Believe You
55%
The 1975Settle Down
55%
I like it when you sleep, for you are so beautiful yet so unaware of itLoving Someone
50%
The 1975Talk!
50%
I like it when you sleep, for you are so beautiful yet so unaware of itThe Ballad Of Me And My Brain
50%
The 1975Antichrist
45%
A Brief Inquiry Into Online RelationshipsI Couldn't Be More In Love
45%
A Brief Inquiry Into Online RelationshipsI Like America & America Likes Me
45%
A Brief Inquiry Into Online RelationshipsInside Your Mind
45%
I like it when you sleep, for you are so beautiful yet so unaware of itLostmyhead
45%
The 1975Menswear
45%
The 1975M.O.N.E.Y.
45%
The 1975Pressure
45%
A Brief Inquiry Into Online RelationshipsMine
40%
The 1975She Way Out
40%
I like it when you sleep, for you are so beautiful yet so unaware of itThis Must Be My Dream
40%
The 1975Undo
40%
The 1975An Encounter
35%
The 1975Head.Cars.Bending
35%
The 1975Is There Somebody Who Can Watch You
35%
The 197512
30%
The 1975Intro / Set3
30%
The 1975So Far (It's Alright)
30%
A Brief Inquiry Into Online RelationshipsSurrounded By Heads And Bodies
30%
The 1975Anobrain
25%
The 1975Facedown
25%
The 1975HNSCC
25%
The 1975Woman
25%
The 1975Haunt // Bed
15%
A Brief Inquiry Into Online RelationshipsBe My Mistakes
10%

Score Distribution

Percentile by Number Answered

Percent of People with Each Score

Your Score History

You have not taken this quiz